000 00432nam a2200181Ia 4500
001 8384
005 20260306160605.0
008 260306t1989||||xx |||||||||||||| ||spa||
041 _aESP
082 _a370.7
_bW19
100 _aWalker, Rob
_eAUT
245 0 _aMétodos de investigación para el profesorado
260 _c1989
300 _a233 páginas :
_c21 cm.
650 _aGEN
654 _aCED
942 _cLIB
_dJUS
_fJUS
_2ddc
_n
999 _c8384
_d8384